00681cam a22002174a 450000100090000000300040000900500170001300800410003001000170007102000150008804000180010304200080012105000210012910000240015024500930017424600430026726000470031030000340035765000220039165000500041312405658OSt20170118114357.0010511s2000 nyua 000 0 eng  a 00191693  a0970274408 aDLCcDLCdDLC apcc00aQM33.5 .L48 20001 aLevin, Meryl.d200010aAnatomy of anatomy :bin images and words /cMeryl Levin ; foreword by Abraham Verghese.30aAnatomy of anatomy in images and words aBrooklyn, N.Y. :bThird Rail Press,c2000. a133 p. :bcol. ill. ;c24 cm. 0aHuman dissection. 0aHuman anatomyxStudy and teachingvAnecdotes.